Introduction to comparative public administration administrative systems and reforms in Europe

Guardado en:
Detalles Bibliográficos
Autor principal: Kuhlmann, Sabine
Otros Autores: Wollmann, Hellmut
Formato: Libro
Lenguaje:inglés
Publicado: Cheltenham Edward Elgar 2014
Materias:
Etiquetas: Agregar Etiqueta
Sin Etiquetas, Sea el primero en etiquetar este registro!

MARC

LEADER 00000nam a2200000 4500
001 0194617
005 20240226124616.0
020 |a 978-1-78347-359-5 (paperback) 
020 |a 978-1-78347-358-8 (cased) 
041 0 |a eng 
044 |a GB 
245 1 0 |a Introduction to comparative public administration  |b administrative systems and reforms in Europe  |c Sabine Kuhlmann, Hellmut Wollmann 
264 1 |a Cheltenham  |b Edward Elgar  |c 2014 
300 |a 345 s. 
610 2 0 |a správa verejná 
610 2 0 |a analýzy 
610 2 0 |a modely 
610 2 0 |a reformy 
610 2 0 |a prognózy 
610 2 0 |a porovnanie medzinárodné 
610 2 0 |a Európa 
610 2 0 |a Európska únia 
100 1 |a Kuhlmann, Sabine 
700 1 |a Wollmann, Hellmut